| 000 | 00397nam a2200133Ia 4500 | ||
|---|---|---|---|
| 008 | 210430s9999 xx 000 0 und d | ||
| 020 | _a978-1-25-902577-8 | ||
| 082 | _a547 C527O | ||
| 100 | _aRancis A. Carey , Robert M. Giuliano | ||
| 245 |
_aOrganic Chemistry 8th _cRancis A. Carey , Robert M. Giuliano |
||
| 260 |
_aNew Delhi , India _bMcGraw Hill _c2011 |
||
| 300 | _a1247 | ||
| 942 |
_cBK _2ddc |
||
| 999 |
_c565128 _d565128 |
||